Controllinig a prejavy krízy v agrárnom sektore SR

Prejavy hospodárskej a finančnej krízy v slovenskom poľnohospodárstve. Produkčné podmienky poľnohospodárskych podnikov. Príčiny a chyby manažérov a nevyužívanie kontrolingových nástrojov stratových podnikov.

Gespeichert in:
Bibliographische Detailangaben
1. Verfasser: Grznár, Miroslav
Format: Buchkapitel
Sprache:Slowakisch
Schlagworte:
Tags: Tag hinzufügen
Keine Tags, Fügen Sie das erste Tag hinzu!

MARC

LEADER 00000naa$a2200000$$$4500
001 0120209
005 20240502072338.9
041 0 |a slo 
044 |a SK 
245 1 0 |a Controllinig a prejavy krízy v agrárnom sektore SR  |c Miroslav Grznár 
520 |a Prejavy hospodárskej a finančnej krízy v slovenskom poľnohospodárstve. Produkčné podmienky poľnohospodárskych podnikov. Príčiny a chyby manažérov a nevyužívanie kontrolingových nástrojov stratových podnikov. 
610 2 0 |a Slovensko 
610 2 0 |a poľnohospodárstvo 
610 2 0 |a manažment krízový 
610 2 0 |a kontroling finančný 
610 2 0 |a kontroling investičný 
610 2 0 |a kontroling podnikový 
610 2 0 |a výkonnosť 
610 2 0 |a zisk 
610 2 0 |a strata 
100 1 |a Grznár, Miroslav